[Event "Regionalliga NW9798"]
[Site "Bayern"]
[Date "1997.??.??"]
[Round "?"]
[White "Schnell, Manfred"]
[Black "Scheidt, Karl Heinz"]
[Result "0-1"]
[WhiteElo "2035"]
[BlackElo "1970"]

1.e4 g6 2.d4 Bg7 3.Nc3 c6 4.Nf3 d5 5.Be2 Bg4 6.Be3 Nf6 7.e5 Nfd7 8.Ng5 Bxe2
9.Nxe2 e6 10.f4 h6 11.Nf3 Nb6 12.b3 N8d7 13.a4 a5 14.Rc1 Bf8 15.c4 Ba3 16.Rc2 dxc4
17.bxc4 Bb4+ 18.Kf2 Nb8 19.Qa1 Na6 20.Rd1 Be7 21.Ng3 Nb4 22.Rcc1 O-O 23.f5 exf5
24.Bxh6 Re8 25.Kg1 Kh7 26.Be3 Rh8 27.Qb1 Kg8 28.Nxf5 gxf5 29.Qxf5 Qd7 30.Qf4 Rh7
31.d5 Nxa4 32.e6 fxe6 33.Ne5 Bd6 34.dxc6 bxc6 35.Nxd7 Bxf4 36.Bxf4 Rf7 37.g3 Nb2
38.Rd2 N2d3 39.Ne5 Nxc1 40.Nxf7 Ncd3 41.Nh6+ Kh7 42.Nf7 Nxf4 43.gxf4 a4 44.Ng5+ Kg6
45.Nxe6 a3 46.Nd4 a2 47.Nb3 Ra3 48.Na1 Rc3 49.Rd1 Rxc4 50.Rf1 Kf5 51.Kg2 Nd5
52.Rf2 Nb4 53.Nb3 c5 54.Na1 Rc1 55.Rf1 Rb1 56.Kg3 Rxf1  0-1

[Event "Regionalliga SW9697"]
[Site "Bayern"]
[Date "1997.??.??"]
[Round "?"]
[White "Schlemmer, Hans"]
[Black "Otte, Lars"]
[Result "1-0"]
[WhiteElo "2150"]
[BlackElo "2100"]

1.e4 g6 2.d4 Bg7 3.Nc3 c6 4.Nf3 d5 5.h3 Nf6 6.Bd3 dxe4 7.Nxe4 Nxe4 8.Bxe4 O-O
9.O-O Nd7 10.c3 Qc7 11.Re1 Re8 12.Bg5 Nf6 13.Bc2 b6 14.Ne5 Bb7 15.Bf4 Qd8
16.Qf3 Rc8 17.Bb3 e6 18.Bg5 h6 19.Bh4 Ba8 20.Nxf7 Kxf7 21.Rxe6 Rxe6 22.Re1 Qd5
23.Bxd5 cxd5 24.Rxe6 Kxe6 25.Bxf6 Rf8 26.Qe3+ Kxf6 27.Qe5+ Kf7 28.Qc7+ Kg8
29.Qxa7 b5 30.Qb6 Kh7 31.Qxb5 Rf7 32.a4 Bf8 33.Qe8  1-0

[Event "Regionalliga SO9798"]
[Site "Bayern"]
[Date "1997.??.??"]
[Round "?"]
[White "Stumpf, Heinz"]
[Black "Huber, Edwin"]
[Result "1-0"]
[WhiteElo "2290"]
[BlackElo "2100"]

1.d4 g6 2.e4 Bg7 3.Nc3 c6 4.Nf3 d5 5.h3 Nf6 6.e5 Ne4 7.Nxe4 dxe4 8.Ng5 f5
9.Bc4 c5 10.Nf7 Qb6 11.c3 cxd4 12.Nxh8 dxc3 13.Nf7 cxb2 14.Bxb2 Qb4+ 15.Qd2 Qxc4
16.Rc1 Qxa2 17.Rxc8+ Kxf7 18.Qd8 Qb1+ 19.Bc1 Qb4+ 20.Kf1 Qb5+ 21.Kg1 Bxe5
22.Qg8+ Kf6 23.Rf8+  1-0

[Event "Regionalliga SO9798"]
[Site "Bayern"]
[Date "1997.??.??"]
[Round "?"]
[White "Schmid, Franz"]
[Black "Huber, Edwin"]
[Result "1-0"]
[WhiteElo "2055"]
[BlackElo "2100"]

1.e4 g6 2.d4 Bg7 3.Nc3 c6 4.Be3 d5 5.Nf3 Bg4 6.Be2 dxe4 7.Nxe4 Nd7 8.h3 Bxf3
9.Bxf3 Ngf6 10.O-O O-O 11.Qd2 Re8 12.Nxf6+ Nxf6 13.Rad1 Nd5 14.Bg5 Qb6 15.c4 Nf6
16.b3 a5 17.Qf4 Nd7 18.Qg4 e6 19.Be3 Qc7 20.Qh4 Bf6 21.Bg5 Bxg5 22.Qxg5 Qd8
23.Qg3 Nb6 24.a4 Nd7 25.Rd3 Nc5 26.Re3 Qxd4 27.Rd1 Qf6 28.Qd6 Qe7 29.Qe5 Red8
30.Rxd8+ Rxd8 31.Qc3 Qc7 32.h4 b6 33.h5 Qd6 34.Qf6 Qd4 35.Re5 Nd3 36.h6 Qa1+
37.Bd1  1-0

[Event "Regionalliga SW9697"]
[Site "Bayern"]
[Date "1997.??.??"]
[Round "?"]
[White "Vuckovic, Aleksandar"]
[Black "Mueller, Heinz"]
[Result "1-0"]
[WhiteElo "2280"]
[BlackElo "2170"]

1.e4 g6 2.d4 Bg7 3.Nc3 c6 4.Bc4 d6 5.Qf3 e6 6.Nge2 Qe7 7.h4 h6 8.a4 a5 9.Qg3 Nd7
10.h5 g5 11.f4 d5 12.Bd3 dxe4 13.Nxe4 f5 14.Nd2 g4 15.Nc4 Ngf6 16.b3 Bf8
17.Qe3 Nd5 18.Qd2 Qd8 19.Ba3 Bxa3 20.Nxa3 Qe7 21.c4 Nb4 22.Nc2 Nf6 23.Nxb4 Qxb4
24.Qxb4 axb4 25.c5 Nd5 26.Bc4 O-O 27.Kf2 Rd8 28.Bxd5 exd5 29.Rae1 Re8 30.Ng3 Bd7
31.Rxe8+ Rxe8 32.Ra1 Ra8 33.a5 Kf7 34.Ra4 Bc8 35.Ne2 Ke7 36.Nc1 Kd8 37.Nd3 Kc7
38.Nxb4 Be6 39.Kg3 Bf7 40.Kh4 Re8 41.a6 Ra8 42.a7 Be6 43.Nd3 Bd7 44.Ne5 Be8
45.b4 b6 46.Ng6 bxc5 47.bxc5 Bd7 48.Ra1 Kb7 49.Re1 Re8 50.Rxe8 Bxe8 51.Ne7 Bd7
52.Ng8 Kxa7 53.Nxh6 Be6 54.Kg5  1-0

[Event "Oberliga Bayern9697"]
[Site "Bayern"]
[Date "1997.??.??"]
[Round "?"]
[White "Klundt, Klaus"]
[Black "Koenig, Dietrich"]
[Result "0-1"]
[WhiteElo "2365"]
[BlackElo "2300"]

1.e4 g6 2.d4 Bg7 3.Nc3 c6 4.Nf3 d6 5.Be2 Qc7 6.O-O Nd7 7.Re1 Ngf6 8.a4 O-O
9.Bc4 d5 10.exd5 Nb6 11.Bb3 Nbxd5 12.Ne2 c5 13.c4 Nb4 14.Bf4 Qa5 15.Nc3 Nh5
16.Bd2 Qd8 17.Bg5 f6 18.Be3 Bg4 19.Nd5 Nc6 20.dxc5 Ne5 21.Qe2 Rf7 22.Nxe5 Bxe2
23.Nxf7 Kxf7 24.Rxe2 e6 25.Nc3 f5 26.Rd1 Qh4 27.Rd7+ Kg8 28.Rxb7 Bxc3 29.bxc3 Qe4
30.Rd7 Nf4 31.Bxf4 Qxe2 32.g3 e5 33.Bd2 Rb8 34.c6 Rxb3 35.c7 Rb1+ 36.Kg2 Qf1+
37.Kf3 Qh1+ 38.Ke2 Qe4+ 39.Be3 Qxc4+ 40.Kd2 Rb2+  0-1

[Event "Oberliga Bayern9798"]
[Site "Bayern"]
[Date "1997.??.??"]
[Round "?"]
[White "Limmer, Stefan"]
[Black "Engelbrecht, Alfred"]
[Result "1-0"]
[WhiteElo "2135"]
[BlackElo "2215"]

1.e4 g6 2.d4 Bg7 3.Nc3 c6 4.Bc4 d5 5.exd5 b5 6.Bb3 b4 7.Ne4 cxd5 8.Nc5 Nf6
9.Nf3 O-O 10.O-O Nbd7 11.Nd3 a5 12.a3 bxa3 13.Rxa3 Nb6 14.Re1 a4 15.Ba2 Bg4
16.Nde5 Bxf3 17.Qxf3 Qc8 18.Rc3 Qb7 19.Bg5 Ne4 20.Rxe4 f6 21.Nc6 fxg5 22.Qe2 Rf7
23.Rxe7 Rxe7 24.Nxe7+ Kh8 25.Rh3 Bxd4 26.Qe6 Kg7 27.Rxh7+ Kxh7 28.Qxg6+  1-0

[Event "Landesliga Sued9798"]
[Site "Bayern"]
[Date "1997.??.??"]
[Round "?"]
[White "Scheckenbach, Franz"]
[Black "Trassl, Franz"]
[Result "1/2-1/2"]
[WhiteElo "2105"]
[BlackElo "2010"]

1.e4 g6 2.d4 Bg7 3.Nc3 c6 4.g3 d5 5.exd5 cxd5 6.Bg2 e6 7.Nf3 Nc6 8.O-O Nge7
9.Ne2 Nf5 10.b3 O-O 11.Bb2 b6 12.Re1 Bb7 13.Nf4 Rc8 14.Ne5 Qc7 15.Nxc6 Bxc6
16.c3 Nd6 17.Nd3 Ne4 18.Nb4 Bb7 19.c4 a5 20.Nc2 Nd6 21.Ba3 Rfd8 22.Ne3 dxc4
23.Bxd6 Rxd6 24.Bxb7 Qxb7 25.Nxc4 Rxd4 26.Qe2 Rdxc4 27.bxc4 Bxa1 28.Rxa1 Qc6
29.Rc1 Qc5 30.Qd2 e5 31.h4 Qd4 32.Qxd4 exd4 33.Kf1 d3 34.Ke1 Re8+ 35.Kd2 Re2+
36.Kxd3 Rxf2 37.Rb1 Rxa2 38.Rxb6 Kf8 39.c5 Ke7 40.Kd4 Rd2+ 41.Ke5 f6+ 42.Ke4 a4
43.Ra6 Rg2 44.Kd5 Rxg3  1/2-1/2

[Event "Beersheba 16th"]
[Site "Beersheba"]
[Date "1997.??.??"]
[Round "7"]
[White "Rozentalis, Eduardas"]
[Black "Kanstler, Boris"]
[Result "1-0"]
[WhiteElo "2650"]
[BlackElo "2495"]

1.e4 g6 2.d4 Bg7 3.Nc3 c6 4.Bc4 d6 5.Qf3 e6 6.Nge2 b5 7.Bd3 e5 8.dxe5 dxe5
9.a4 b4 10.Nd1 Nd7 11.Ne3 Ngf6 12.Nc4 O-O 13.O-O Ba6 14.Be3 Qe7 15.Na5 Bxd3
16.cxd3 Qe6 17.Nc1 Rfc8 18.Ncb3 Bf8 19.Rfc1 Rc7 20.Rc2 c5 21.h3 Rac8 22.Nc4 Ne8
23.Qg4 Ng7 24.Rac1 Qa6 25.a5 Ne6 26.g3 Nd4 27.Bxd4 cxd4 28.f4 Qb5 29.f5 Bh6
30.Rf1 Qa6 31.Kh1 Qf6 32.Rcf2 g5 33.Qd1 Bg7 34.Qd2 Bf8 35.Kg2 Be7 36.Qe2 Kh8
37.Nbd2 Rg8 38.Rc1 Qh6 39.Nxe5 Nxe5 40.Rxc7 Bd6 41.Rxa7 g4 42.h4 Qe3 43.Nf1 Qxd3
44.Qxd3 Nxd3 45.Rd2 Ne1+ 46.Kf2 Nf3 47.Rd7 Be5 48.a6 Ra8 49.a7 Kg7 50.Rd3 Bf6
51.Rxf3 gxf3 52.Kxf3 b3 53.Nd2  1-0

[Event "BEL-chT9697"]
[Site "BEL"]
[Date "1997.??.??"]
[Round "2"]
[White "Vanderstricht, Geert"]
[Black "Boeykens, Marc"]
[Result "1-0"]
[WhiteElo "2205"]
[BlackElo "2245"]

1.d4 g6 2.e4 Bg7 3.Nc3 c6 4.Nf3 d5 5.h3 Nf6 6.e5 Ne4 7.Bd3 Bf5 8.Ne2 c5 9.O-O cxd4
10.Nexd4 Nc6 11.Re1 Nxd4 12.Nxd4 O-O 13.f3 Ng3 14.Kh2 Ne4 15.fxe4 dxe4 16.Nxf5 gxf5
17.Bc4 Qc7 18.Qe2 Bxe5+ 19.Kh1 e6 20.c3 Kh8 21.Bg5 Rg8 22.Bh4 Rg6 23.Rad1 Rag8
24.Bb5 Rxg2 25.Qxg2 Rxg2 26.Kxg2 Qb6 27.a4 a6 28.Bf2 Qa5 29.Be8 Kg7 30.Rd7 Kh6
31.Bxf7 Qxa4 32.Red1 Qc6 33.Kg1 f4 34.Be8 e3 35.Rxh7+ Kxh7 36.Bxc6 exf2+
37.Kxf2 bxc6 38.Re1  1-0

[Event "BEL-chT9697"]
[Site "BEL"]
[Date "1997.??.??"]
[Round "2"]
[White "Schumacher, Helmut"]
[Black "Houdart, Robert"]
[Result "1/2-1/2"]
[WhiteElo "2175"]
[BlackElo "2115"]

1.d4 g6 2.e4 Bg7 3.Nc3 c6 4.h3 d5 5.Nf3 Nf6 6.Bd3 dxe4 7.Nxe4 Nxe4 8.Bxe4 Nd7
9.c3 O-O 10.O-O c5 11.Re1 cxd4 12.Nxd4 Nc5 13.Bc2 e5 14.Nb3 Qc7 15.Nxc5 Qxc5
16.Be3 Qc7 17.Bb3 Bd7 18.Qe2 Kh8 19.Red1 f5 20.Qd2 Bc6 21.Bh6 Bxh6 22.Qxh6 Rae8
23.Qe3 b6 24.f3  1/2-1/2

[Event "BEL-chT9697"]
[Site "BEL"]
[Date "1997.??.??"]
[Round "4"]
[White "Van der Linden, Bert"]
[Black "Van Mil, Johannes A J"]
[Result "0-1"]
[WhiteElo "2310"]
[BlackElo "2405"]

1.e4 g6 2.d4 Bg7 3.Nc3 c6 4.Nf3 Nf6 5.Bd3 O-O 6.O-O Na6 7.Re1 Nc7 8.h3 d5
9.e5 Nd7 10.Ne2 f6 11.exf6 exf6 12.Bf4 Ne6 13.Bd6 Re8 14.Qd2 Ndf8 15.Ba3 Nc7
16.b3 Nfe6 17.c4 b6 18.Nc3 Qd7 19.Re2 Bb7 20.Rae1 Bf8 21.Bxf8 Nxf8 22.Qf4 Kg7
23.cxd5 cxd5 24.Nb5 Rxe2 25.Rxe2 Nce6 26.Qg3 Ba6 27.a4 Rc8 28.h4 Bxb5 29.Bxb5 Qc7
30.Qxc7+ Rxc7 31.g3 Kf7 32.Kg2 Ke7 33.Re3 Kd6 34.Rd3 Ng7 35.Nh2 h5 36.Nf3 Nfe6
37.Rd2 Rc3 38.Rd3 Rc2 39.Kf1 Ke7 40.Ke1 Nf5 41.Ba6 Nd6 42.Rd2 Rc1+ 43.Rd1 Rxd1+
44.Kxd1 g5 45.hxg5 fxg5 46.b4 Ne4 47.Ke1 g4 48.Ne5 Nxd4 49.Bd3 Kf6 50.Nd7+ Ke6
51.Nf8+ Kf5 52.Nd7 Nc6 53.b5 Ne5 54.Bxe4+ Kxe4 55.Nf6+ Kd4 56.Nxh5 Kc3 57.Kd1 d4
58.Nf6 Kb4 59.Ne4 Kxa4 60.Nd6 Kb4 61.Ke2 Kc3 62.Kd1 Nc4 63.Ne4+ Kd3 64.Nf6 Ne5
65.Ne8  0-1

[Event "BEL-chT9697"]
[Site "BEL"]
[Date "1997.??.??"]
[Round "6"]
[White "Barsov, Alexei"]
[Black "Van Mil, Johannes A J"]
[Result "0-1"]
[WhiteElo "2475"]
[BlackElo "2405"]

1.d4 g6 2.e4 Bg7 3.Nc3 c6 4.Bc4 d6 5.Qf3 e6 6.Nge2 Nd7 7.Qg3 e5 8.dxe5 Nxe5
9.Bb3 Nf6 10.f3 O-O 11.a4 Be6 12.Nd4 Bxb3 13.Nxb3 Qb6 14.a5 Qa6 15.Qf2 Rfe8
16.Ra4 c5 17.Bg5 Nc4 18.Bc1 Nxe4 19.fxe4 Bxc3+ 20.bxc3 Rxe4+ 21.Kd1 Rae8
22.Qf6 Qc6 23.Bh6 Qd5+ 24.Nd2 Qh5+ 25.Qf3 Nb2+ 26.Kc1 Nxa4 27.Qxh5 gxh5 28.Nxe4 Rxe4
29.Rd1 Re6 30.Bd2 c4 31.Be1 Re2 32.Bg3  0-1

[Event "Bello Horizonte Centenario op"]
[Site "Bello Horizonte"]
[Date "1997.??.??"]
[Round "5"]
[White "Fernandes, Jose Costa Jr"]
[Black "Vieira, Oscar"]
[Result "1-0"]
[WhiteElo "2310"]
[BlackElo "2155"]

1.e4 g6 2.d4 Bg7 3.Nc3 c6 4.Nf3 d6 5.h3 Nd7 6.Be3 a6 7.a4 b6 8.Be2 Bb7 9.Qd2 Qc7
10.O-O Ngf6 11.Bh6 O-O 12.Qg5 e5 13.dxe5 dxe5 14.Nh4 Nc5 15.Bxg7 Kxg7 16.Nf5+ Kg8
17.Qxf6 gxf5 18.exf5 b5 19.Bf3 Nd7 20.Qh6 f6 21.Rfd1 Nb6 22.Ne4 Nd5 23.axb5 axb5
24.Rxa8 Bxa8 25.Nc5 Qe7 26.Ne6 Re8 27.Bh5 Rc8 28.Rd3 Kh8 29.Rg3 Rg8 30.Bg6 Nf4
31.Bxh7 Rxg3 32.Bg6+ Kg8 33.fxg3 Ne2+ 34.Kh2 b4 35.Be8 Nd4 36.Qg6+ Kh8 37.Bf7  1-0

[Event "Benasque op"]
[Site "Benasque"]
[Date "1997.??.??"]
[Round "9"]
[White "De la Riva Aguado, Oscar"]
[Black "Van Mil, Johannes A J"]
[Result "0-1"]
[WhiteElo "2480"]
[BlackElo "2405"]

1.e4 g6 2.d4 Bg7 3.Nc3 c6 4.h3 d5 5.Nf3 Nh6 6.Bd3 f6 7.O-O O-O 8.Ne2 Nf7
9.c4 dxe4 10.Bxe4 c5 11.Qb3 Nc6 12.dxc5 f5 13.Bxc6 bxc6 14.Qa4 Qc7 15.Nfd4 Bd7
16.f4 e5 17.Nb3 g5 18.fxg5 f4 19.h4 h6 20.Qa5 Qc8 21.gxh6 Nxh6 22.Nd2 Bg4
23.Nc3 Nf5 24.Nde4 Qe6 25.Bd2 Nxh4 26.Be1 Nxg2 27.Kxg2 Bh3+ 28.Kf2 Bxf1 29.Kxf1 Rad8
30.Nd6 f3 31.Bf2 Qh3+ 32.Ke1 Qh1+ 33.Kd2 Qxa1 34.Kc2 Qf1 35.Nce4 Qe2+ 36.Kb3 Rxd6  0-1

[Event "Bled op18th"]
[Site "Bled"]
[Date "1997.??.??"]
[Round "6"]
[White "Susnik, Matej"]
[Black "Basagic, Zlatko"]
[Result "1/2-1/2"]
[WhiteElo "2235"]
[BlackElo "2350"]

1.e4 g6 2.d4 Bg7 3.Nc3 c6 4.Bc4 b5 5.Bb3 b4 6.Nce2 d5 7.exd5 cxd5 8.Nf3 Nf6
9.O-O O-O 10.a3 bxa3 11.Rxa3 Nc6 12.Ne5 Qb6 13.Nc3 e6 14.Nxc6 Qxc6 15.Ba4 Qc4
16.Bb5 Qc7 17.g3 Bd7 18.Bf4 Qb7 19.Ba6 Qb6 20.Qd3 Nh5 21.Be3 f5 22.Rb3 Qd6
23.f4 Rab8 24.Bb5 Nf6 25.Ra1 Rf7 26.Ra6 Rb6 27.Rxa7 Bxb5 28.Nxb5 Qb8 29.Rxf7 Kxf7
30.Na3 Ng4 31.Bd2 Rxb3 32.cxb3 Qb6 33.Nc2 e5 34.fxe5 Nxe5 35.Qc3 Nc6 36.Be3 Na5
37.b4 Nc4 38.Bf2 Bh6 39.b3 Nd2 40.Qc5 Qe6 41.Qc7+ Kg8 42.Qb8+ Bf8 43.Qf4 Qe2
44.Ne3 Bxb4 45.Qb8+ Bf8 46.Qd8 Nf3+ 47.Kg2 Ne1+ 48.Kg1  1/2-1/2

[Event "Clarin GP1 Boca Juniors"]
[Site "Boca"]
[Date "1997.??.??"]
[Round "9"]
[White "Moreno, J."]
[Black "Ginzburg, Maximiliano"]
[Result "0-1"]
[WhiteElo "2370"]
[BlackElo "2450"]

1.e4 g6 2.d4 Bg7 3.Nc3 c6 4.f4 d5 5.e5 h5 6.Nf3 Nh6 7.Bd3 Bf5 8.Be3 e6 9.O-O Bf8
10.Bf2 Be7 11.Ne2 Nd7 12.b3 h4 13.c4 Kf8 14.Qd2 Kg7 15.Rac1 a5 16.cxd5 exd5
17.Kh1 Nf8 18.Ne1 Qd7 19.Nc2 h3 20.gxh3 Bxh3 21.Rg1 Bb4 22.Nxb4 axb4 23.Bh4 Ng4
24.Bf6+ Kg8 25.Ng3 Nxf6 26.exf6 Qe6 27.Rce1 Qxf6 28.Re5 Bg4 29.Rf1 Qh4 30.Kg1 Nd7
31.Rg5 Nf6 32.Rf2 Nh5 33.Qxb4 Nxf4 34.Qe7 Qxg5  0-1

[Event "Bratto op"]
[Site "Bratto"]
[Date "1997.??.??"]
[Round "1"]
[White "Pegoraro, Nicola"]
[Black "Nurkic, Sahbaz"]
[Result "0-1"]
[WhiteElo "2065"]
[BlackElo "2395"]

1.e4 g6 2.d4 Bg7 3.Nc3 c6 4.Be3 Qa5 5.Qd2 d6 6.Nge2 b5 7.Nc1 Nf6 8.f3 Nbd7
9.Be2 O-O 10.O-O Qc7 11.Nd3 a6 12.Rfc1 Bb7 13.Nd1 e5 14.dxe5 dxe5 15.c4 Rfd8
16.Qc3 Nh5 17.Qb3 Nf4 18.Bf1 Ne6 19.cxb5 axb5 20.Nb4 Qd6 21.Nf2 Nd4 22.Qc3 c5
23.Nd5 Bxd5 24.exd5 Qxd5 25.Ne4 Rdc8 26.Qd2 c4 27.Kh1 Nc5 28.Nc3 Qb7 29.Qf2 Rd8
30.Re1 Qc6 31.Bg5 Re8 32.Ne4 Nxe4 33.fxe4 Ne6 34.Bd2 Rad8 35.Bc3 Nd4 36.Rad1 Re6
37.a3 Rf6 38.Qe3 Rfd6 39.Qf2 Qd7 40.Rd2 Bh6 41.Rdd1 Kg7 42.a4 Qc6 43.axb5 Qxb5
44.Rb1 Qb3 45.Ra1 Rf6 46.Qh4 Bf4 47.Ra3 Qb5 48.Ra5 Qc6 49.Qg4 Nc2 50.Rb1 Nd4
51.Re1 h5 52.Qd1 Rfd6 53.Qa4 Qxa4 54.Rxa4 Nc2 55.Re2 Rd1 56.Rf2 Kg8 57.g3 Ne3
58.gxf4 Nxf1 59.Kg2 Ne3+ 60.Kf3 Ng4 61.fxe5 R1d3+ 62.Kg2 Nxf2 63.Kxf2 Rh3
64.Kg2 Re3 65.Rxc4 Re2+ 66.Kg3 g5 67.Kf3 Rxh2 68.Bd4 Rh3+ 69.Ke2 h4 70.b4 Rb3
71.Bc5 Ra8 72.Rc2 g4 73.Kf2 h3  0-1

[Event "Bratto op"]
[Site "Bratto"]
[Date "1997.??.??"]
[Round "3"]
[White "Moncelli, Giorgio"]
[Black "Nurkic, Sahbaz"]
[Result "0-1"]
[WhiteElo "2195"]
[BlackElo "2395"]

1.e4 g6 2.d4 Bg7 3.Nc3 c6 4.Nf3 Nf6 5.h3 O-O 6.Be3 d6 7.Be2 Qc7 8.O-O Nbd7
9.a4 e5 10.Qd2 Re8 11.dxe5 dxe5 12.Ng5 Nf8 13.f4 exf4 14.Bxf4 Qa5 15.Bd6 Ne6
16.Nxf7 Kxf7 17.e5 Rd8 18.exf6 Bf8 19.Bb4 Qb6+  0-1

[Event "Bratto op"]
[Site "Bratto"]
[Date "1997.??.??"]
[Round "6"]
[White "Klinova, Masha"]
[Black "Nurkic, Sahbaz"]
[Result "1-0"]
[WhiteElo "2340"]
[BlackElo "2395"]

1.e4 g6 2.d4 Bg7 3.Nc3 c6 4.f4 d5 5.e5 h5 6.Be3 Nh6 7.h3 Nf5 8.Bf2 h4 9.Nf3 e6
10.Bd3 Bf8 11.O-O Be7 12.Ne2 b6 13.b3 Kf8 14.c4 Kg7 15.Nc3 Na6 16.a3 Nc7
17.Qc2 Bb7 18.Rfd1 Rh5 19.Ra2 Qf8 20.cxd5 exd5 21.Bxf5 gxf5 22.Ne2 Kh8 23.Ng5 Ne6
24.Qxf5 Ng7 25.Qxf7 Qxf7 26.Nxf7+ Kg8 27.Ng5 Rf8 28.Nf3 Ba6 29.Rc1 Rh6 30.Nh2 Rg6
31.Ng4 Nh5 32.Be3 Bxe2 33.Rxe2 Nxf4 34.Rec2 c5 35.Rf1 Ne6 36.Nh6+ Kh7 37.Nf5 Rf7
38.dxc5 Bxc5 39.Bxc5 bxc5 40.Nxh4 Rxf1+ 41.Kxf1 Rg7 42.Rd2 d4 43.Nf3 Rb7
44.b4 c4 45.Nxd4 c3 46.Rd3 Rd7 47.Rxc3 Nxd4 48.Kf2 Kg6 49.g4 Kg5 50.Ke3 Ne6
51.Rc6 Nf4 52.e6 Ng2+ 53.Kf2 Rd2+ 54.Kg3 Ne1 55.h4+ Kf6 56.Ra6 Nc2 57.g5+ Kf5
58.e7  1-0

[Event "Ciocaltea mem"]
[Site "Bucharest"]
[Date "1997.??.??"]
[Round "7"]
[White "Milu, Romeo Sorin"]
[Black "Iordachescu, Viorel"]
[Result "1/2-1/2"]
[WhiteElo "2425"]
[BlackElo "2485"]

1.e4 g6 2.d4 Bg7 3.Nc3 c6 4.Nf3 d6 5.h3 Nf6 6.a4 O-O 7.Be3 Na6 8.a5 c5 9.d5 Nc7
10.Be2 Rb8 11.O-O b5 12.axb6 axb6 13.Ra7 b5 14.e5 Nd7 15.exd6 exd6 16.Ne4 Nf6
17.Nxf6+ Bxf6 18.b4 Na6 19.bxc5 dxc5 20.Bf4 Qb6 21.Bxb8 Qxb8 22.Rxa6 Bxa6
23.Qd2 Qd6 24.Rd1 c4 25.Qe3 Rd8 26.Ng5 Bxg5 27.Qxg5 Re8 28.Bf3 c3 29.Qg3 Rd8
30.Qxd6 Rxd6 31.Rb1 Rb6 32.Be2 Bb7 33.Rxb5 Rxb5 34.Bxb5 Bxd5 35.f3 Kg7 36.Kf2 Kf6
37.Ke3 Ke5 38.h4 Be6 39.Bd3 Kd5 40.g3 h6 41.f4 Bh3 42.Be4+ Kc4 43.Bd3+ Kc5
44.Be4 Bf1 45.Bf3 Bc4  1/2-1/2

[Event "Ciocaltea mem"]
[Site "Bucharest"]
[Date "1997.??.??"]
[Round "11"]
[White "Vajda, Levente"]
[Black "Moldovan, Daniel"]
[Result "1/2-1/2"]
[WhiteElo "2435"]
[BlackElo "2435"]

1.e4 g6 2.d4 Bg7 3.Nc3 c6 4.h3 d5 5.Nf3 Nf6 6.e5 Ne4 7.Nxe4 dxe4 8.Ng5 c5
9.e6 Bxe6 10.Nxe6 fxe6 11.dxc5 Qxd1+ 12.Kxd1 Nd7 13.Be3 Bxb2 14.Rb1 Ba3 15.Bb5  1/2-1/2

[Event "Budapest"]
[Site "Budapest"]
[Date "1997.??.??"]
[Round "1"]
[White "Belotelov, Dimitri"]
[Black "Pinto, Mark"]
[Result "1-0"]
[WhiteElo "2225"]
[BlackElo "2195"]

1.d4 g6 2.e4 Bg7 3.Nc3 c6 4.Nf3 d5 5.h3 Nf6 6.e5 Ne4 7.Bd3 Nxc3 8.bxc3 O-O
9.O-O c5 10.dxc5 Nc6 11.Re1 Qa5 12.Rb1 Qxc3 13.Rb5 a6 14.Bb2 Qxe1+ 15.Qxe1 axb5
16.a3 Bf5 17.Bxb5 Bxc2 18.Qe2 Be4 19.Ng5 Bf5 20.g4 Be6 21.f4 Bh6 22.h4 Ra5
23.Bd3 Bxg5 24.hxg5 d4 25.f5 Bd5 26.f6 e6 27.Qh2 Kh8 28.Qf4 Rxc5 29.Bxg6 fxg6
30.f7 Rxf7 31.Qxf7 Rc2 32.Qf8+  1-0

[Event "Najdorf op"]
[Site "Buenos Aires"]
[Date "1997.??.??"]
[Round "2"]
[White "Cativelli, Gerardo"]
[Black "Ginzburg, Maximiliano"]
[Result "0-1"]
[WhiteElo "2265"]
[BlackElo "2450"]

1.e4 g6 2.d4 Bg7 3.Nc3 c6 4.Nf3 d6 5.a4 Bg4 6.Be3 Nd7 7.Be2 e6 8.O-O Ne7
9.Qd2 O-O 10.Bh6 Bxh6 11.Qxh6 Bxf3 12.Bxf3 Qb6 13.Qd2 f5 14.a5 Qc7 15.exf5 Nxf5
16.a6 b6 17.Bg4 Rae8 18.Rae1 Nb8 19.Re2 Nxa6 20.Rfe1 Qd7 21.Ne4 Nc7 22.Ng5 h6
23.Nh3 Qg7 24.c3 g5 25.Bh5 Re7 26.f4 g4 27.Nf2 g3 28.Ng4 gxh2+ 29.Kxh2 Nh4
30.Re3 Rf5 31.Rg3 Kh8 32.Ne3 Rxh5 33.Rxg7 Rxg7  0-1

[Event "Goodricke op"]
[Site "Calcutta"]
[Date "1997.??.??"]
[Round "1"]
[White "Chatterjee, Laltu"]
[Black "Komliakov, Viktor"]
[Result "1/2-1/2"]
[WhiteElo "2305"]
[BlackElo "2460"]

1.e4 g6 2.d4 Bg7 3.Nc3 c6 4.f4 d5 5.e5 Nh6 6.Nf3 f6 7.Be3 Bg4 8.Bd3 O-O 9.O-O e6
10.Ne2 Nf5 11.Qd2 Nd7 12.c3 fxe5 13.Bxf5 Rxf5 14.fxe5 Bxf3 15.Rxf3 Rxf3 16.gxf3 Qh4
17.Ng3 Qe7 18.Bg5 Qf7 19.Rf1 Rf8 20.Rf2 c5 21.b3 Rc8 22.Bh6 cxd4 23.cxd4 Bxh6
24.Qxh6 Nb8 25.h4 Qg7 26.Qe3 Nc6 27.Kg2 Qf7 28.Ne2 Ne7 29.Ng3 Nf5 30.Nxf5 Qxf5
31.Qg5 Qxg5+ 32.hxg5 Kg7 33.Kg3 h5 34.gxh6+ Kxh6 35.Kg4 Kg7 36.Rh2 Rc1 37.Kf4 b5
38.Kg5 a5 39.Kf4 Rc3 40.Rd2 Rc1 41.Rh2 b4 42.Kg5 Rg1+ 43.Kh4 Kh6 44.Rc2 Rd1
45.Rc6 Rxd4+ 46.Kg3 Kg5 47.Rxe6 Kf5 48.Ra6 Kxe5 49.Rxa5 Rd2 50.Rb5 Rxa2 51.Rxb4 d4
52.Rb5+ Kd6 53.f4 d3 54.Kf3 Rh2 55.Ke4 d2 56.Rd5+ Kc6 57.Rd8 Kc5 58.Ke3 Rh3+  1/2-1/2

[Event "Goodricke op"]
[Site "Calcutta"]
[Date "1997.??.??"]
[Round "6"]
[White "Kiran, Pandit Rao"]
[Black "Parameswaran, Tiruchi N"]
[Result "0-1"]
[WhiteElo "2280"]
[BlackElo "2400"]

1.e4 g6 2.d4 c6 3.Nc3 Bg7 4.Bc4 d6 5.Nf3 Nf6 6.Bb3 Bg4 7.e5 dxe5 8.Bxf7+ Kf8
9.Bb3 exd4 10.Nxd4 Qd7 11.f3 e5 12.fxg4 exd4 13.g5 dxc3 14.Qf3 Qe7+ 15.Be3 cxb2
16.Rd1 Ke8 17.O-O Nfd7 18.Qh3 Rf8 19.Bf4 Be5 20.Bxe5 Rxf1+ 21.Rxf1 Qc5+ 22.Bd4 Qxd4+
23.Kh1 Kd8 24.Qxh7 Qf4 25.Rg1  0-1

[Event "Cannes op-B 18th"]
[Site "Cannes"]
[Date "1997.??.??"]
[Round "7"]
[White "Jurkovic, Ante"]
[Black "Vismara, Daniele"]
[Result "1-0"]
[WhiteElo "2320"]
[BlackElo "2205"]

1.e4 g6 2.d4 Bg7 3.Nc3 c6 4.Bc4 d6 5.Nf3 Nf6 6.Qe2 O-O 7.O-O d5 8.Bb3 Bg4
9.e5 Nfd7 10.h3 Bxf3 11.Qxf3 e6 12.Nd1 c5 13.c3 Nc6 14.Be3 cxd4 15.cxd4 f6
16.Qg4 f5 17.Qf4 g5 18.Qxg5 Qxg5 19.Bxg5 Nxd4 20.f4 Nc5 21.Nc3 Ncxb3 22.axb3 Nxb3
23.Rad1 h6 24.Bh4 h5 25.Rf3 Nc5 26.Nb5 a6 27.Nd4 Kf7 28.Rc1 b6 29.b4 Rfc8
30.Rfc3 Bf8 31.Nf3 Be7 32.Bxe7 Kxe7 33.bxc5 bxc5 34.Rxc5 Rxc5 35.Rxc5 Kd7  1-0

[Event "Cerrado"]
[Site "Cerrado"]
[Date "1997.??.??"]
[Round "2"]
[White "Lafarga Santorroman, David"]
[Black "Gil Capape, Javier"]
[Result "1/2-1/2"]
[WhiteElo "2240"]
[BlackElo "2435"]

1.e4 g6 2.d4 Bg7 3.Nc3 c6 4.Nf3 d6 5.Be3 Nf6 6.Qd2 Ng4 7.Bg5 f6 8.Bf4 e5
9.dxe5 dxe5 10.Qxd8+ Kxd8 11.Bg3 Be6 12.h3 Nh6 13.Nd2 Nf7 14.Bc4 Ke7 15.Bxe6 Kxe6
16.O-O Na6 17.a3 Rhd8 18.Rad1 Nd6 19.f4 Bh6 20.fxe5 fxe5 21.Bh4 Rf8 22.Nf3 Be3+
23.Kh1 h6 24.Rd3 Bb6 25.Rfd1  1/2-1/2

[Event "Cherepovets"]
[Site "Cherepovets"]
[Date "1997.??.??"]
[Round "11"]
[White "Kovalev, Andrei"]
[Black "Komliakov, Viktor"]
[Result "1/2-1/2"]
[WhiteElo "2405"]
[BlackElo "2460"]

1.e4 g6 2.d4 Bg7 3.Nc3 c6 4.f4 d5 5.e5 Nh6 6.Nf3 f6 7.Bd3 Bg4 8.O-O O-O 9.Ne2 Nd7
10.c3 fxe5 11.Nxe5 Nxe5 12.dxe5 Qb6+ 13.Kh1 Nf5 14.Qe1 Ne3 15.Rf2 Nd1 16.Rf1 Ne3  1/2-1/2

[Event "Capablanca mem mixed"]
[Site "Cienfuegos"]
[Date "1997.??.??"]
[Round "2"]
[White "Perdomo, Carlos"]
[Black "Frometa, Zirka"]
[Result "1/2-1/2"]
[WhiteElo "2330"]
[BlackElo "2205"]

1.e4 g6 2.d4 Bg7 3.Nc3 c6 4.Nf3 d5 5.h3 Nh6 6.Bd3 dxe4 7.Nxe4 Nf5 8.c3 O-O
9.Bf4 Nd6 10.Qd2 Nxe4 11.Bxe4 Nd7 12.Bh6 c5 13.Bc2 cxd4 14.Bxg7 Kxg7 15.Qxd4+ Nf6
16.O-O-O Qxd4 17.Rxd4 b6 18.Rhd1 Bb7 19.a4 Rac8 20.Ne1 Rc5 21.Bb3 Re5 22.f3 e6
23.Kd2 Rg5 24.g4 Ra5 25.Ke3 h5 26.R4d2 hxg4 27.hxg4 Rh8 28.Kf2 Rh2+ 29.Kg3 Rxd2
30.Rxd2  1/2-1/2

[Event "Capablanca mem mixed"]
[Site "Cienfuegos"]
[Date "1997.??.??"]
[Round "6"]
[White "Fierro Baquero, Martha Lorena"]
[Black "Frometa, Zirka"]
[Result "0-1"]
[WhiteElo "2205"]
[BlackElo "2205"]

1.e4 g6 2.d4 Bg7 3.Nc3 c6 4.Bc4 d6 5.Qf3 e6 6.Nge2 b5 7.Bb3 a5 8.a3 d5 9.Be3 Ba6
10.Nf4 Nf6 11.Nd3 Nbd7 12.e5 Ng8 13.h4 h5 14.Bg5 Qb6 15.Qf4 Nh6 16.f3 Nf5
17.Ne2 a4 18.Ba2 b4 19.g4 Bxd3 20.cxd3 Nxd4 21.Qxd4 c5 22.Qe3 b3 23.f4 bxa2
24.Rxa2 hxg4 25.Kf2 Bf8 26.Kg3 Qb3 27.Nc1 Qb7 28.Rh2 d4 29.Qe4 Qxe4 30.dxe4 c4
31.Ne2 Bc5 32.Ra1 Rb8 33.Rd1 Rb3+ 34.Kxg4 Rxb2 35.Kg3 d3 36.Nc3 Rxh2 37.Kxh2 O-O
38.Nxa4 Bxa3 39.h5 Ra8 40.Nc3 Bb4 41.Nb5 Ra5 42.Nd6 Bxd6 43.exd6 f6  0-1

[Event "Corsica rap op"]
[Site "Corsica"]
[Date "1997.??.??"]
[Round "7"]
[White "Fontaine, Robert"]
[Black "Efimov, Igor"]
[Result "1/2-1/2"]
[WhiteElo "2395"]
[BlackElo "2540"]

1.e4 g6 2.d4 Bg7 3.Nc3 c6 4.f4 d5 5.e5 Nh6 6.Be2 f6 7.Nf3 Nf7 8.Be3 Na6 9.h4 h5
10.Bd3 Bf5 11.Bxf5 gxf5 12.Qd3 Nh6 13.Ne2 Ng4 14.Bd2 e6 15.Ng3 Qd7 16.Qe2 O-O-O
17.exf6 Nxf6 18.Ne5 Qe8 19.Ba5 Rd6 20.O-O-O Bh6 21.Rhf1 Rg8 22.Rd3 Rg7 23.Re3 Nc7
24.Bxc7 Rxc7 25.Nxf5 exf5 26.Nc4 Qf8 27.Nxd6+ Qxd6 28.Re6 Qf8 29.Rxf6 Qxf6
30.Qe8+ Qd8 31.Qe6+ Rd7 32.Qxh6 Qe8 33.Kd1 Qe4 34.Qh8+ Rd8 35.Qe5 Re8 36.Qxe4 Rxe4
37.c3 Re3 38.Kd2 Rg3 39.Rg1 Kd7 40.Ke2 a5 41.Kf2 Rd3  1/2-1/2